<?xml version="1.0" encoding="UTF-8"?><?xml-stylesheet type="text/xsl" href="static/style.xsl"?><OAI-PMH xmlns="http://www.openarchives.org/OAI/2.0/" xmlns:xsi="http://www.w3.org/2001/XMLSchema-instance" xsi:schemaLocation="http://www.openarchives.org/OAI/2.0/ http://www.openarchives.org/OAI/2.0/OAI-PMH.xsd"><responseDate>2026-04-17T04:06:47Z</responseDate><request verb="GetRecord" identifier="oai:www.recercat.cat:2072/453971" metadataPrefix="marc">https://recercat.cat/oai/request</request><GetRecord><record><header><identifier>oai:recercat.cat:2072/453971</identifier><datestamp>2024-10-29T16:49:34Z</datestamp><setSpec>com_2072_98</setSpec><setSpec>col_2072_378196</setSpec></header><metadata><record xmlns="http://www.loc.gov/MARC21/slim" xmlns:dcterms="http://purl.org/dc/terms/" xmlns:xsi="http://www.w3.org/2001/XMLSchema-instance" xmlns:doc="http://www.lyncode.com/xoai" xsi:schemaLocation="http://www.loc.gov/MARC21/slim http://www.loc.gov/standards/marcxml/schema/MARC21slim.xsd">
   <leader>00925njm 22002777a 4500</leader>
   <datafield ind2=" " ind1=" " tag="042">
      <subfield code="a">dc</subfield>
   </datafield>
   <datafield ind2=" " ind1=" " tag="720">
      <subfield code="a">Moreno, Elena</subfield>
      <subfield code="e">author</subfield>
   </datafield>
   <datafield ind2=" " ind1=" " tag="720">
      <subfield code="a">Sucarrat, Clàudia</subfield>
      <subfield code="e">author</subfield>
   </datafield>
   <datafield ind2=" " ind1=" " tag="720">
      <subfield code="a">Tapiolas, Mariona</subfield>
      <subfield code="e">author</subfield>
   </datafield>
   <datafield ind2=" " ind1=" " tag="720">
      <subfield code="a">Valero, Cristina</subfield>
      <subfield code="e">author</subfield>
   </datafield>
   <datafield ind2=" " ind1=" " tag="720">
      <subfield code="a">Universitat Autònoma de Barcelona. Facultat de Veterinària</subfield>
      <subfield code="e">author</subfield>
   </datafield>
   <datafield ind2=" " ind1=" " tag="260">
      <subfield code="c">2014</subfield>
   </datafield>
   <datafield ind2=" " ind1=" " tag="520">
      <subfield code="a">Treball presentat a l'assignatura d'Ètica i Legislació. Gestió empresarial (102680)</subfield>
   </datafield>
   <datafield ind2=" " ind1=" " tag="520">
      <subfield code="a">La clonació és un conjunt de tècniques de reproducció asexual que permeten la generació d'animals genèticament iguals al seu progenitor. Una d'aquestes tècniques consisteix en substituir el nucli d'un òvul no fecundat pel nucli d'una cèl·lula somàtica per formar l'embrió, que posteriorment serà implantat a una femella receptora que el gestarà. La clonació es pot entendre en termes reproductius o bé en termes terapèutics. La clonació reproductiva consisteix en crear organismes a partir del codi genètic d'altres. Per altra banda, la clonació terapèutica consisteix en generar òrgans o teixits a partir de cèl·lules mare. La manipulació genètica es va iniciar fa més de 40 anys, realitzant estudis exhaustius sobre genètica i biologia de la reproducció, reproducció assistida, assajos experimentals,... que van conduir, en primer instància, a la clonació d'amfibis (granotes Xaenopus laevis) i finalment a la clonació de vertebrats superiors. La culminació d'aquests estudis va arribar amb l'obtenció de l'ovella Dolly al 1996 a partir d'una cèl·lula somàtica. Amb diferents tècniques es van arribar a produir clons de boví i fins i, fins i tot, de primats (macaco Rhesus).</subfield>
   </datafield>
   <datafield ind1="8" ind2=" " tag="024">
      <subfield code="a">http://hdl.handle.net/2072/453971</subfield>
   </datafield>
   <datafield tag="653" ind2=" " ind1=" ">
      <subfield code="a">Veterinaris Investigació Ètica professional</subfield>
   </datafield>
   <datafield tag="653" ind2=" " ind1=" ">
      <subfield code="a">Clonatge Aspectes ètics i morals</subfield>
   </datafield>
   <datafield tag="653" ind2=" " ind1=" ">
      <subfield code="a">Clonatge Aspectes legals</subfield>
   </datafield>
   <datafield tag="653" ind2=" " ind1=" ">
      <subfield code="a">Veterinaris Investigació Ètica professional</subfield>
   </datafield>
   <datafield tag="653" ind2=" " ind1=" ">
      <subfield code="a">Clonatge Aspectes ètics i morals</subfield>
   </datafield>
   <datafield tag="653" ind2=" " ind1=" ">
      <subfield code="a">Clonatge Aspectes legals</subfield>
   </datafield>
   <datafield ind2="0" ind1="0" tag="245">
      <subfield code="a">Implicacions ètiques i legislatives de la clonació</subfield>
   </datafield>
</record></metadata></record></GetRecord></OAI-PMH>